000
00197nam a2200097Ia 4500
008
240331s9999 xx 000 0 und d
082
_b
RUM
100
_a
Rumi,N
245
0
_a
Adutha vinadi
942
_c
L
999
_c
4652
_d
4652